Quizzes
Events
Quiz Creation
Community
Videos
Private Events
Remove Ads
Sign In
Join for FREE
Feedback
Dark Mode
Quiz Categories
Sports
Geography
Music
Movies
Television
Just For Fun
Miscellaneous
History
Literature
Language
Science
Gaming
Entertainment
Religion
Holiday
For Kids
Quiz Lab
Recent
Popular Today
Quiz Kudos Today
Editor Picks
Curator Picks
Quizzes by...
Day
Popularity
Type
Ratings
Length
Year
Community
Subscriptions
Recent Discussions
Orange Saloon
Badges
Playlists
Quests
Create
Leaderboards
Showdown
Live 5
Trivia Bingo
Activity
Puzzle Library
Sporcle Events
Private Events
Virtual Trivia
Globe League
Become a Host
Pub Owners
SporcleCon
Opinionation
Our Games
Videos
Blog
Mobile Apps
Partnerships
Remove Ads and Go Orange
Feedback
Music
Pop Music
The Beatles
Song
Album
Lyrics
Bands
Singers
Artist
Clip
Rock
Rap
Classical
Billboard
Country Music
Kpop
Taylor Swift
Music
Pop Music
The Beatles
Song
Album
Lyrics
Bands
Singers
Artist
Clip
Rock
Rap
Classical
Billboard
Country Music
Kpop
Taylor Swift
Random Quiz
Search Sporcle
×
Quiz Lab
Quiz Lab
Music
Taylor Swift
Type in answers that appear in a list
Type in answers that appear in a list
Classic
Best Score? Go Orange.
Taylor Swift's Eyes Open Lyrics Stats
Can you name the lyrics to Taylor Swift's 'Eyes Open' from 'The Hunger Games' soundtrack?
By
nat22cat
8m
168 Questions
1,856 Plays
1,856 Plays
1,856 Plays
Comments
Comments
Give Quiz Kudos
Give Quiz Kudos
-
- Ratings
hide this ad
Replay
Link that replays current quiz
Next Quiz
Link to next quiz in quiz playlist
You Got
0%
They Got
Avg Score
75%
Avg Friend Score
Upgrade to see
Score Distribution
Jump to the score distribution portion of the page
Score
0/168
Timer
08:00
0
Plays Today
% Correct
[CHORUS]
99.5%
[CHORUS]
99.5%
oh,
99.4%
ey-eyes
97.2%
eyes
97.2%
ey-eyes
97.2%
eyes
97.2%
eyes
97.2%
eyes
97.2%
eyes
97.2%
open
96.5%
open
96.5%
open(3x)
96.5%
open
96.5%
open
96.5%
open
96.5%
open
96.5%
you
96.2%
you
96.2%
you
96.2%
you
96.2%
your
94.6%
your
94.6%
your
94.6%
your
94.6%
your
94.6%
your
94.6%
your
94.6%
your
94.6%
your
94.6%
Keep
93.4%
Keep
93.4%
Keep
93.4%
keep
93.4%
Keep
93.4%
Keep
93.4%
Keep
93.4%
Keep
93.4%
Keep
93.4%
keep
93.3%
the
91.5%
The
91.5%
Every
89.7%
when
89%
when
89%
a
88.6%
a
88.6%
a
88.6%
A
88.5%
you're
87.8%
you're
87.8%
we
87.4%
watching
86.8%
watching
86.8%
waiting
86.7%
waiting
86.7%
% Correct
sleeping
86.5%
sleeping,
86.5%
sleeping
86.5%
everybody
86.5%
Even
86.4%
Even
86.4%
Everybody's
85.4%
Everybody's
85.4%
Everybody's
85.4%
Everybody's
85.4%
to
84.5%
just
84.4%
Just
84.4%
just
84.4%
to
84.3%
to
84.3%
to
84.3%
to
84.3%
were
82.6%
for
81.1%
So
81%
children
79.6%
see
78.7%
In
77.6%
with
77.1%
with
77.1%
down
77.1%
Playing
76.9%
yesterday
76.3%
thing
75.6%
fallout
74.4%
break
74%
it
73.5%
and
73.3%
and
73.3%
pretending
73%
now
72.5%
now
72.5%
But
71.9%
But
71.9%
But
71.9%
swords
71.6%
happy
70.8%
wooden
70.5%
endings
70.3%
dreams
69.6%
tricky
69.5%
Dreaming
68.8%
They
68.4%
they
68.4%
they
68.4%
on
67.9%
Where
67.8%
backyards,
67.6%
are,
67%
soldiers
66.7%
% Correct
our
66.6%
world
66%
battles
65%
here
64.3%
cruel
63.8%
this
62.8%
It's
62.8%
got
62.8%
got
62.8%
got
62.8%
into
62.8%
don't
61.9%
don't
61.9%
score
61.7%
steady
60.5%
new
59.7%
around,
59.3%
stepped
59%
Heartbeat
58.9%
we've
58.8%
something
58.7%
something
58.7%
turn
58.3%
you've
58.3%
you've
58.3%
You've
58.3%
never
57.6%
ready
57.6%
scar
57.4%
make
57.3%
far
56.9%
thought
56.5%
Yeah
56.3%
showdown,
56.3%
two
56.1%
steps
55.9%
guard
55.7%
you'd
55.7%
feet
55.5%
stands
54.7%
ahead
54.5%
winning
54.2%
lesson
53.5%
night
53.2%
forms
52.7%
save
52.3%
nobody
51.3%
locked
50.6%
dark
50%
staying
49.5%
surrounded
48.4%
comes
48.2%
they've
47.4%
aim
43.8%
goes
41.5%
As
24%
Quiz Playlist
Details
Report
Send in Message
Add To Playlist
Classic:
Type in answers that appear in a list
Last Updated: Feb 16, 2017
Quiz Scoreboard
CHALLENGE
Sign Up to Join the Scoreboard
Show All
Scores
Hide
Comments
May contain spoilers
Recently Published
An Introduction to Baseball
by treessimontrees
Sports
5m
Movies - When Are They Set?
by FPL_Elf
Movies
5m
Popular People in 1961
by mucciniale
History
6m
More to Explore
Quiz From the Vault
Featured Blog Post
Where Did the Easter Bunny Come From?
hide this ad
You Might Also Like...
Tags
Taylor Swift Quiz
The Hunger Games Quiz
Eye
open
Today's Top Quizzes in Music
Browse Music
hide this ad
Today's Top Quizzes in Taylor Swift
Browse Taylor Swift
Top Contributed Quizzes in Music
1
Taylor Swift All Songs (2024)
2
Guess the Artist- 70s Songs
3
KPOP LOGIC QUIZ
4
One Thing in Common: Music
5
2010s Album by Cover III
6
Guess the Taylor Swift song (Mystery Song)
7
Taylor Swift Logic Puzzle
8
2010s Album by Cover IV
9
2010s Album by Cover V
10
Kpop Logic Quiz
Explore More
Trending Topics
Marvel
Disney
Anime
NBA
Crossword
Kpop
Harry Potter
Song
NFL
Puzzle
Soccer
Pokémon
Country
WWE
The Office
hide this ad
More By:
nat22cat
Quiz
Plays
Rating
Category
Featured
Created
Taylor Swift's Wildest Dreams
35,255
4.58
Music
Nov 13, 2014
'I Knew You Were Trouble' Lyrics
34,045
4.84
Music
Oct 10, 2012
Taylor Swift's Red By Opening Lyrics
8,785
4.30
Music
Oct 22, 2012
Taylor Swift's All Too Well
7,319
2.71
Music
Oct 28, 2012
Taylor Swift's Tim Mcgraw lyrics
4,995
3.56
Music
Aug 15, 2011
Go to Creator's Profile
Score Distribution
Quiz Creator Spotlight
nat22cat
Follow
Send a Message
Quizzes Created
-
Created Quiz Play Count
-
More By This Creator
Popular Quizzes Today
1
Find the Countries of Europe - No Outlines Minefield
2
Find the US States - No Outlines Minefield
3
The Countries of the World
4
Popular People in 1961
5
US States
6
Find the US States
7
1-10 Letter E Words III
8
Risky Map Clicking: Biggest States A-Z
More Music Quizzes
Quick Pick: Matching Melodies
Quiz Lab
Trending Quizzes
Risky Map Clicking: Least Populous States A-Z
1-10 Letter F Words
1-10 Letter G Words
Not Quite an Element Typing Challenge
One Thing in Common: United Kingdom
Recently Updated
Leaping Animals
pecheneg
Reality TV Shows (A-Z)
bhenderson79
Rickey Henderson's Hall of Fame Teammates
pecheneg
Champions League XIs: Arsenal
pecheneg
Quick Pick: Celebrities in WWE's Hall of Fame
aduchscher
A-Z Keypad Blitz II
pecheneg
Multiple Oscar Actors
pecheneg
Mystery Phrase Blitz: Oscar 'Best Actors'
pecheneg
F. Scott Fitzgerald Novels
LTH
Pick 3 Villains
ddd62291
Trending Topics
Kpop
Marvel
NBA
Harry Potter
Disney
Anime
Crossword
The Office
Country
NFL
Puzzle
Pokémon
WWE
Soccer
Song
Your Account Isn't Verified!
In order to create a playlist on Sporcle, you need to verify the email address you used during registration. Go to your
Sporcle Settings
to finish the process.
Report this User
Report this user for behavior that violates our
Community Guidelines
.
Details:
Send Report
Go to the Sporcle.com Mobile Site →
Comments